Wetterrekorde in Deutschland & weltweit - Statistiken

Allgemein
  • Dieses Quiz wurde 53 mal gespielt
  • Das Durchschnittsergebnis liegt bei 17 aus 46
Antwortstatistiken
Frage Antwort % Korrekt
Welches Gewicht hatte das größte Hagelkorn aller Zeiten? 1 kg
96%
Wieviel Meter hatte die höchste Schneedecke in 🇩🇪? 8 m (Zugspitze)
85%
Welche Temperatur hatte der heißeste Tag in 🇩🇪 ? 43°C
74%
Wie hoch ist der Mittelwert eines dt. Sommers? 16°C
55%
Wann war der heißeste Tag in 🇩🇪 ? 25. Juli 2019
55%
Welchen Durchmesser (cm) hatte die größte Schneeflocke aller Zeiten? 38 cm
55%
Welcher Monat war der heißeste in 🇩🇪? Juni 2019
55%
Wann war der "Jahrhundertsommer" in Europa? 2003
51%
Welcher Monat war der heißeste in Österreich? August 2003
51%
Wann war der 2. mildeste Winter in 🇩🇪? 2015 / 2016
49%
In welchem Jahr war der Sommer am heißesten in 🇩🇪? 2018
49%
Welcher Winter war der wärmste in 🇩🇪? 2006 / 2007
47%
Welche Temperatur hatte der kälteste Tag 🇩🇪? -46°C
47%
Wie hoch war die Temperatur des heißesten Tages in Europa? 48°C
45%
Wie hoch war die Temperatur des heißesten Tages Australiens? 51 °C
45%
Wie hoch war die Temperatur des heißesten Tages Afrikas? 55°C
45%
Wie hoch war die Temperatur des heißesten Tages Nordamerikas? 57°C
45%
Welche Temperatur hat der weltweite Hitzerekord? 57°C
45%
Wie hoch ist die durchschnittl. Temperatur eines dt. Winters? 0°C
43%
Wie hoch war der Mittelwert des kühlsten Sommers in 🇩🇪? 14°C
43%
Wie hoch war die Temperatur des heißesten Tages Südamerikas? 49°C
43%
Wann war der kälteste Tag in 🇩🇪? 24. Dezember 2001
38%
Wann & wo war der kälteste Tag in Afrika? 11. Februar 1935 (Marokko)
36%
Wann & wo war der kälteste Tag Nordamerikas? 3. Februar 1947 (Kanada)
36%
Wo wurde die heißeste Temperatur in Nordamerika gemessen? Death Valley (USA)
34%
Wann & wo war der kälteste Tag in Europa? 23. Dezember 1941 (Schweden)
32%
Wann & wo war der heißeste Tag Afrikas? 7. Juli 1931 (Tunesien)
32%
Wann & wo war der heißeste Tag in Europa? 10. August 1999 (Italien)
30%
Wann war der 2. kälteste Winter in 🇩🇪? 1962 / 1963
30%
Wann & wo war der kälteste Tag Südamerikas? 1. Juni 1907 (Argentinien)
30%
2018 hatte die meisten Sommertage. Wieviele? 84
30%
Wann war der heißeste Tag in Nordamerika? 10. Juli 1913
28%
Wann & wo war der kälteste Tag in Asien? 7. Februar 1892 (Sibirien / Russland)
28%
In welchem dt. Bundesland liegt der trockenste Ort 🇩🇪? Sachsen-Anhalt (Atzendorf)
28%
Wann war der heißeste Tag in Südamerika? 11. Dezember 1905
23%
Wann & wo fiel der meiste Regen innerhalb 1 Monats? 1861 (Indien)
23%
Wann war der heißeste Tag in Australien? 2. Januar 1960
23%
Bei welcher Temperatur liegt der weltweite Kälterekord? -99°C
21%
In welchem Land fiel 1971 & 1972 der meiste Schnee? USA
21%
An welchem Ort wurde die höchste Temperatur in 🇩🇪 an diesem Tag gemessen? Lingen (Niedersachsen)
19%
In welchem Jahr gab es den kühlsten Sommer in 🇩🇪? 1816
17%
In welchem Land fiel bisher am meisten Regen pro Std.? China (Shangdi)
17%
Wann war der kälteste Winter in 🇩🇪? 1829 / 1830
15%
In welchem Land fiel bisher am meisten Regen pro Min.? Frankreich (Guadeloupe)
11%
An welchem dt. Ort regnet es jährl. am meisten? Balderschwang (Allgäu)
6%
Wieviel Monate dauerte die längste Trockenheit in der Atacama - Wüste? 173 Monate
4%
Keine übereinstimmenden Quizze gefunden
Verteilung der Resultate
Anzahl Personen mit jedem Resultat
Perzentil nach korrekt beantworteten Fragen
Ihre Resultats-Entwicklung
Sie haben dieses Quiz noch nicht gespielt